Detalles MARC
| 000 -ENCABEZADO |
| Número de control [NR] |
02412cam a2200301Ma 4500 |
| 001 - NÚMERO DE CONTROL |
| control field |
ocn221604252 |
| 003 - IDENTIFICADOR DE CONTROL NÚMERO |
| control field |
Co-BoUCM |
| 005 - FECHA Y HORA DE LA ÚLTIMA TRANSACCIÓN |
| control field |
20181127153528.0 |
| 008 - DE LONGITUD FIJA DE DATOS DE ELEMENTOS - INFORMACIÓN GENERAL |
| Elementos de longitud fija [NR] |
840305s1931 mx a 001 0 spa d |
| 040 ## - FUENTE DE CATALOGACION [NR] |
| Agencia de catalogación original [NR] |
AU@ |
| Idioma de catalogación [NR] |
eng |
| Quien Cataloga |
Sandra Yazo |
| Quien Clasifica |
Sandra Yazo |
| -- |
Sandra Yazo |
| -- |
Sandra Yazo |
| -- |
Sandra Yazo |
| 041 0# - CODIGO DE IDIOMA [R] |
| Código de idioma para texto/pista de sonido o título separado [R] |
Español |
| 082 04 - NUMERO DE CLASIFICACION DECIMAL DEWEY [R] |
| Número de la edición [NR] |
20 |
| Número de clasificación [R] |
378.09 |
| 092 ## - SIGNATURA TOPOGRAFICA LOCAL |
| Número de clasificación local |
E47N039 |
| 100 1# - ASIENTO PRINCIPAL--NOMBRE PERSONAL [NR] |
| Nombre personal [NR] |
Plaza y Jaen, Cristobal Bernardo de la |
| Fechas asociadas con el nombre [NR] |
active 1687 |
| ID Autoridad |
94688 |
| 245 10 - MENCION DE TITULO [NR] |
| Título [NR] |
Cronica de la Real y Pontificia Universidad de Mexico |
| Mención de responsabilidad, etc. [NR] |
escrita en el siglo XVII por el bachiller Cristobal Bernardo de la Plaza y Jaen ; version paleografica ... por Nicolas Rangel |
| 260 ## - PUBLICACION, DISTRIBUCION, ETC. (PIE DE IMPRENTA) [R] |
| Lugar de publicación, distribución, etc. [R] |
México |
| Nombre del editor, distribuidor, etc. [R] |
Universidad Nacional de México Autonoma ; Talleres Gráficos del Museo Nacional |
| Fecha de publicación, distribución, etc. [R] |
1931 |
| 300 ## - DESCRIPCION FISICA [R] |
| Extensión [R] |
2 volumes (xx, 479 ; 471 páginas) |
| Otros detalles físicos [NR] |
ilustraciones |
| Dimensiones [R] |
29 x 19 cm. |
| 500 ## - NOTA GENERAL [R] |
| Nota general [NR] |
Detalles físicos: Encuadernación rígida de calidad (holandesa con esquinas) en cartón forrado en tela texturizada (en verde), lomo y esquineras de piel (de color verde), con nervaduras sobre costuras; letras y motivos decorativos en dorado. Guardas. Portadilla, impresa en colores sobre papel especial. Anteportada, con dedicatoria. Portada impresa en dos tintas, con un grabado que muestra el escudo de la Universidad de México. Hoja de papel satinado, con grabado. Introducción, impresa en una sola columna, con notas de pie de página. Edición paleográfica, impresa en dos columnas. Párrafos numerados. Intercala algunas hojas de papel especial (satinado) para ilustraciones (blando y negro). Índice. Colofón parcial, al término de V.2. Algún deterioro en bordes y esquinas. Indicios de cintas pegantes en lomo y tapas. Ligeramente raspada piel del lomo (V.1). Páginas 475 A 478 del V.I, rasgadas, intervención con cinta en parte inferior |
| 505 0# - NOTA DE CONTENIDO CON FORMATO PREESTABLECIDO [R] |
| Nota de contenido con formato preestablecido [NR] |
V.1: Proemio ; Prólogo al Lector ; Crónica de la Universidad de México: Libro 1 - 4 -- V.2: Crónica de la Universidad de México: Libro 5 ; Índice alfabético ; Apéndice documental |
| 506 ## - NOTA DE RESTRICCIONES DE ACCESO [R] |
| Condiciones de acceso [NR] |
Consulta en sala |
| 610 20 - ASIENTO SECUNDARIO DE MATERIA - NOMBRE CORPORATIVO [R] |
| Nombre corporativo o nombre de la jurisdicción como elemento de entrada [NR] |
Real y Pontificia Universidad de México |
| 9 (RLIN) |
94689 |
| 650 #7 - ASIENTO SECUNDARIO DE MATERIA - TERMINO TEMATICO [R] |
| 9 (RLIN) |
31610 |
| Término temático o nombre geográfico como elemento de entrada [NR] |
Universidades |
| Subdivisión general [R] |
Historia |
| Subdivisión geográfica [R] |
México |
| 650 #7 - ASIENTO SECUNDARIO DE MATERIA - TERMINO TEMATICO [R] |
| 9 (RLIN) |
40851 |
| Término temático o nombre geográfico como elemento de entrada [NR] |
Educación |
| Subdivisión general [R] |
Historia |
| Subdivisión cronológica [R] |
Colonia |
| Subdivisión geográfica [R] |
México |
| 690 ## - ASUNTO AGREGADO LOCAL DE ENTRADA - TÉRMINO TEMÁTICO (OCLC, RLIN) |
| Acceso temático local |
Educación superior |
| 9 (RLIN) |
177 |
| 700 1# - ASIENTO SECUNDARIO - NOMBRE PERSONAL [R] |
| Nombre personal [NR] |
Rangel, Nicolás |
| Fechas asociadas con el nombre [NR] |
1864- |
| 9 (RLIN) |
94690 |
| 710 2# - ASIENTO SECUNDARIO - NOMBRE CORPORATIVO [R] |
| Nombre corporativo o de jurisdicción como elemento de entrada [NR] |
Universidad Nacional Autónoma de México. |
| 9 (RLIN) |
48848 |
| 942 ## - ELEMENTOS DE ENTRADA AGREGADOS (KOHA) |
| Sistema de clasificación |
LOCAL |
| Tipo de ítem principal el descrito en 300a |
Libro |
| Edición |
1 |
| Clasificación |
E47N039 |